| 000 | 00438nam a22001817a 4500 | ||
|---|---|---|---|
| 005 | 20260204153430.0 | ||
| 008 | 260204b |||||||| |||| 00| 0 eng d | ||
| 020 |
_a9781804892947 _c4995.00 |
||
| 040 | _aMAIN | ||
| 041 | _aEnglish | ||
| 082 |
_a530.13 _bRIV |
||
| 100 |
_aRivers, Selene _926196 |
||
| 245 | _aStatistical Physics | ||
| 260 |
_aUnited Kingdom _bBrilliance _c2025 |
||
| 300 | _a280 | ||
| 650 | _aPhysics | ||
| 942 | _cBK | ||
| 999 |
_c60233 _d60233 |
||